000 00922cab a2200277 4500
001 WB2936-16
008 090401t1993 xxu||||| |||| 00| 0 eng d
035 _a(Sirsi) u37864
041 _aeng
245 _aInsurers reel from pollution liability
260 _c1993
350 _a0
490 _aNew Civil Engineer
_v(1057) 23 September 1993, 3(1)
520 _aCIRIA warns that development of industrial sites will be severely hampered by the difficulties of obtaining insurance cover with pollution cover about to disappear from professional indemnity policies.
650 _aCONSULTANTS
650 _aCONTAMINATED LAND
650 _aLIABILITY
650 _aPOLLUTION
650 _aPROFESSIONAL INDEMNITY INSURANCE
650 _aSITE INVESTIGATIONS
650 _aURBAN REGENERATION
690 _aENVIRONMENTAL AND LAND CONSULTANCY
690 _aINSURANCE
_96249
942 _n0
948 _c04/03/1997
999 _c24358
_d24358